[Event "Cacoal op"]
[Site "Cacoal"]
[Date "2025.03.02"]
[Round "6"]
[White "Azevedo, Victor Hugo Marques"]
[Black "De Matos, Pedro Pansini"]
[Result "1-0"]
[WhiteElo "1496"]
[BlackElo "1714"]
[PlyCount "47"]
[EventDate "2025.02.28"]
[EventType "swiss"]
[EventRounds "6"]
[EventCountry "BRA"]
[SourceTitle "CB12_2025"]
[SourceDate "2025.03.19"]
[SourceVersion "1"]
[SourceVersionDate "2025.03.19"]
[SourceQuality "1"]

1. e4 e5 2. Nf3 d6 3. Nc3 g6 4. Bc4 Bg7 5. Ng5 Qxg5 6. d4 Qd8 7. dxe5 dxe5 8. Qxd8+ Kxd8 9. f4 exf4 10. Bxf4 Be6 11. 0-0-0+ Nd7 12. Bxe6 fxe6 13. Nb5 Kc8 14. Nxc7 Rb8 15. Nxe6 Ra8 16. Nxg7 Ngf6 17. e5 Rd8 18. exf6 Nxf6 19. Rxd8+ Kxd8 20. Bg5 Ke7 21. Rf1 Kf7 22. Bxf6 b6 23. Bd4+ Kg8 24. Ne6 1-0

[Event "Recife Cacoal op"]
[Site "Recife"]
[Date "2024.06.01"]
[Round "4"]
[White "Duarte, Felipe Kenji Miata"]
[Black "Azevedo, Victor Hugo Marques"]
[Result "1/2-1/2"]
[WhiteElo "1763"]
[BlackElo "1800"]
[PlyCount "61"]
[EventDate "2024.05.31"]
[EventType "swiss"]
[EventRounds "6"]
[EventCountry "BRA"]
[SourceTitle "CBM 220 Extra"]
[Source "ChessBase"]
[SourceDate "2024.07.31"]
[SourceVersion "1"]
[SourceVersionDate "2024.07.31"]
[SourceQuality "1"]

1. e4 e5 2. Nf3 Nc6 3. Bb5 a6 4. Ba4 b5 5. Bb3 Nf6 6. 0-0 Bc5 7. c3 0-0 8. d3 d6 9. h3 Re8 10. Be3 Bxe3 11. fxe3 Be6 12. Bxe6 Rxe6 13. Nbd2 Na5 14. Qc2 c5 15. Rfd1 Rc8 16. Nb3 d5 17. Nxa5 Qxa5 18. exd5 Nxd5 19. Qf2 h6 20. d4 cxd4 21. cxd4 e4 22. Ne5 Rf6 23. Qe2 b4 24. a3 bxa3 25. Rxa3 Qb5 26. Qd2 Nb4 27. Rc3 Rd8 28. Rc5 Qb7 29. Rf1 Rxf1+ 30. Kxf1 f6 31. Nc4 1/2-1/2